[Event "SR 2. liga A 2003/2004"]
[Site "?"]
[Date "2003.12.06"]
[Round "3.6"]
[White "Kebis, Milos"]
[Black "Krchnak, Rudolf"]
[Result "1-0"]
[WhiteElo "2094"]
[BlackElo "1809"]
[PlyCount "83"]
[EventDate "2003.??.??"]

1. c4 f5 2. Nc3 Nf6 3. g3 g6 4. Bg2 Bg7 5. Nf3 O-O 6. O-O d6 7. d3 c6 8. e3 Na6
9. Bd2 e5 10. Rb1 Be6 11. b4 Nc7 12. b5 Qd7 13. bxc6 bxc6 14. Ng5 Rfb8 15. Qa4
Rxb1 16. Rxb1 d5 17. Rb7 Qd6 18. Rxc7 Qxc7 19. Nxe6 Qd6 20. Nxg7 Kxg7 21. Qa6
Qd7 22. cxd5 cxd5 23. Nb5 Rb8 24. a4 Rb6 25. Qa5 Qb7 26. Qc3 a6 27. Qc7+ Qxc7
28. Nxc7 e4 29. dxe4 dxe4 30. Bf1 a5 31. Bxa5 Rb7 32. Ba6 Rb1+ 33. Kg2 Ra1 34.
Bb5 Rc1 35. Bb6 Kf7 36. a5 Ke7 37. a6 Nd7 38. Bxd7 Kxd7 39. a7 Ra1 40. a8=Q
Rxa8 41. Nxa8 Kc6 42. Bd4 1-0

[Event "SR 2. liga A 2003/2004"]
[Site "?"]
[Date "2003.12.06"]
[Round "3.6"]
[White "Mosny, Jaroslav"]
[Black "Lutter, Ladislav"]
[Result "1-0"]
[WhiteElo "2051"]
[BlackElo "1986"]
[PlyCount "79"]
[EventDate "2003.??.??"]

1. d4 d6 2. Nf3 Nf6 3. g3 g6 4. Bg2 Bg7 5. c4 c6 6. Nc3 O-O 7. O-O Nbd7 8. h3
e5 9. e4 Re8 10. Re1 exd4 11. Nxd4 Ne5 12. b3 Qc7 13. Be3 h6 14. Qd2 Kh7 15.
Rad1 Bf8 16. f4 Ned7 17. Bf2 a6 18. g4 Ng8 19. Bg3 f6 20. Kh2 Qa5 21. Qb2 Be7
22. b4 Qb6 23. Ne6 Nf8 24. Bf2 c5 25. Nd5 Qc6 26. Nec7 Rb8 27. Nxe8 Qxe8 28.
bxc5 dxc5 29. e5 f5 30. Nf6+ Bxf6 31. exf6 Qf7 32. Rd8 Nxf6 33. Bd5 Qg7 34. Qe5
Ra8 35. Bxc5 N8d7 36. Qd4 fxg4 37. Re7 gxh3 38. Rxg7+ Kxg7 39. Be7 h5 40. Rxd7
1-0

[Event "SR 2. liga A 2003/2004"]
[Site "?"]
[Date "2003.12.06"]
[Round "3.6"]
[White "Samko, Karol"]
[Black "Jurcak, Marian"]
[Result "1-0"]
[WhiteElo "1998"]
[BlackElo "1885"]
[PlyCount "105"]
[EventDate "2003.??.??"]

1. e4 e6 2. d3 d5 3. Nd2 Nf6 4. Ngf3 g6 5. g3 Bg7 6. Bg2 O-O 7. O-O c5 8. Re1
Nc6 9. c3 e5 10. Qb3 d4 11. cxd4 cxd4 12. Nc4 Qe7 13. Bd2 Nd7 14. Rac1 Kh8 15.
Na5 Nxa5 16. Bxa5 b6 17. Bb4 Qf6 18. Qd5 Nc5 19. Qxa8 Bb7 20. Qxb7 Nxb7 21.
Bxf8 Bxf8 22. Rc8 Kg7 23. Rec1 Nc5 24. b4 Nxd3 25. R1c6 Bd6 26. a3 g5 27. Rc2
g4 28. Nh4 h5 29. Nf5+ Kh7 30. R8c6 Ne1 31. Rxd6 Qg5 32. Rh6+ Qxh6 33. Nxh6
Nxc2 34. Nxf7 Nxa3 35. Nxe5 a5 36. bxa5 bxa5 37. Nd3 Nc2 38. e5 a4 39. Bd5 Na1
40. Kf1 Nc2 41. e6 a3 42. e7 h4 43. e8=Q hxg3 44. Qg8+ Kh6 45. hxg3 a2 46. Qh8+
Kg5 47. Qh4+ Kf5 48. Qh5+ Kf6 49. Qe5+ Kg6 50. Nf4+ Kh6 51. Qf6+ Kh7 52. Qf5+
Kg7 53. Qf7+ 1-0

[Event "SR 2. liga A 2003/2004"]
[Site "?"]
[Date "2003.12.06"]
[Round "3.6"]
[White "Sekera, Branislav"]
[Black "Isa, Vlastimil"]
[Result "1-0"]
[WhiteElo "2122"]
[BlackElo "2007"]
[PlyCount "116"]
[EventDate "2003.??.??"]

1. d4 Nf6 2. Nf3 c5 3. d5 d6 4. c4 g6 5. Nc3 Bg7 6. e4 e6 7. Be2 exd5 8. cxd5
O-O 9. O-O Bg4 10. Nd2 Bxe2 11. Qxe2 a6 12. a4 Re8 13. Nc4 Qe7 14. f3 Nfd7 15.
Qc2 Ne5 16. Ne3 Qc7 17. f4 Ned7 18. Ng4 Nf6 19. Nf2 Nbd7 20. Be3 Nb6 21. Rad1
Rad8 22. Rfe1 Nc8 23. g4 Na7 24. Ne2 b5 25. axb5 axb5 26. Ng3 Nc8 27. g5 Nd7
28. Ng4 Rf8 29. Kg2 Ne7 30. Kg1 f5 31. gxf6 Nxf6 32. Nxf6+ Bxf6 33. Qe2 b4 34.
b3 Bg7 35. Qc4 Kh8 36. Rf1 Qd7 37. Kg2 Ra8 38. Rd2 Bc3 39. Rdf2 Bg7 40. h3 Ra5
41. Re2 Rfa8 42. Qc2 Qa7 43. Rff2 Ra1 44. Bc1 Kg8 45. Be3 Bc3 46. f5 Rf8 47.
Bf4 Qd7 48. Bg5 Bd4 49. Rf3 gxf5 50. exf5 Nxd5 51. Qc4 Qf7 52. Re6 Nf6 53. Bxf6
Bxf6 54. Rxf6 Ra2+ 55. Kg1 Ra1+ 56. Nf1 Qxc4 57. Rxf8+ Kxf8 58. bxc4 d5 1-0

[Event "SR 2. liga A 2003/2004"]
[Site "?"]
[Date "2003.12.06"]
[Round "3.7"]
[White "Gabris, Ondrej"]
[Black "Palka, Miroslav"]
[Result "1-0"]
[WhiteElo "2044"]
[BlackElo "2030"]
[PlyCount "55"]
[EventDate "2003.??.??"]

1. e4 c5 2. d4 cxd4 3. c3 dxc3 4. Nxc3 Nc6 5. Nf3 d6 6. Bc4 e6 7. O-O Nf6 8.
Qe2 Be7 9. Rd1 Qa5 10. Nb5 O-O 11. Nxd6 Ne5 12. Nxe5 Qxe5 13. f4 Qa5 14. Bd2
Qh5 15. Qxh5 Nxh5 16. Be3 Rd8 17. Nb5 b6 18. e5 Rxd1+ 19. Rxd1 g6 20. g4 Ng7
21. Nd6 Bxd6 22. Rxd6 Bb7 23. Kf2 Ne8 24. Rd2 Kf8 25. f5 exf5 26. Rd7 Be4 27.
Bh6+ Kg8 28. Rxf7 1-0

[Event "SR 2. liga A 2003/2004"]
[Site "?"]
[Date "2003.12.06"]
[Round "3.7"]
[White "Hecht, Tomas"]
[Black "Syc, Marian"]
[Result "1-0"]
[WhiteElo "2034"]
[BlackElo "1900"]
[PlyCount "73"]
[EventDate "2003.??.??"]

1. e4 e5 2. Nf3 Nc6 3. d4 exd4 4. c3 dxc3 5. Bc4 d5 6. Bxd5 Be6 7. Nxc3 Bxd5 8.
exd5 Qe7+ 9. Be3 O-O-O 10. Qa4 Nb4 11. O-O-O Nf6 12. Qxa7 Na6 13. Qa8+ Nb8 14.
Ba7 Nfd7 15. Bxb8 Nxb8 16. Kb1 Qc5 17. Ne5 Qb6 18. Ka1 Qf6 19. Rhe1 Bb4 20. Nb5
Bc5 21. Rc1 Qxf2 22. Nd3 Qxe1 23. Nxe1 Rxd5 24. Na7+ Bxa7 25. Qxa7 Rhd8 26. Qa4
Rd4 27. Qc2 Na6 28. Nf3 R4d5 29. Qxh7 Nb4 30. Qe4 Rd1 31. Qc4 c6 32. a3 Rxc1+
33. Qxc1 Nd3 34. Qg5 g6 35. Qf6 Rd7 36. Ne5 Nxe5 37. Qxe5 1-0

[Event "SR 2. liga A 2003/2004"]
[Site "?"]
[Date "2003.12.06"]
[Round "3.7"]
[White "Kosegi, Marek"]
[Black "Kasanicky, Robert"]
[Result "0-1"]
[WhiteElo "1885"]
[BlackElo "1982"]
[PlyCount "62"]
[EventDate "2003.??.??"]

1. e4 e5 2. Nf3 Nc6 3. Bb5 a6 4. Ba4 Nf6 5. O-O Nxe4 6. d4 b5 7. Bb3 d5 8. dxe5
Be6 9. Nbd2 Nc5 10. c3 Nxb3 11. Nxb3 Be7 12. Nbd4 Nxd4 13. cxd4 O-O 14. Be3 f6
15. Rc1 Bg4 16. Qc2 Bxf3 17. gxf3 fxe5 18. dxe5 d4 19. Rfd1 c5 20. b4 Qb8 21.
Bd2 c4 22. Qe4 Qb6 23. Bf4 Rad8 24. a3 Qg6+ 25. Bg3 Qxe4 26. fxe4 Rf3 27. Ra1
Rb3 28. Rdb1 d3 29. Rxb3 cxb3 30. Rb1 d2 31. Rd1 b2 0-1

[Event "SR 2. liga A 2003/2004"]
[Site "?"]
[Date "2003.12.06"]
[Round "3.7"]
[White "Pericka, Tomas"]
[Black "Machalova, Erika"]
[Result "0-1"]
[WhiteElo "1745"]
[BlackElo "1988"]
[PlyCount "38"]
[EventDate "2003.??.??"]

1. e4 c5 2. Nf3 d6 3. d4 cxd4 4. Nxd4 Nf6 5. Nc3 a6 6. Bg5 e6 7. f4 Nbd7 8. Qf3
Qc7 9. O-O-O b5 10. Bxb5 axb5 11. Ndxb5 Qb6 12. e5 Bb7 13. Qd3 Nd5 14. Nxd5
Bxd5 15. c4 Rc8 16. exd6 Qxb5 17. b3 Bxd6 18. Kb1 Rxc4 19. Rhe1 O-O 0-1

[Event "SR 2. liga A 2003/2004"]
[Site "?"]
[Date "2003.12.06"]
[Round "3.7"]
[White "Prielozny, Marek"]
[Black "Puskas, Miroslav"]
[Result "1/2-1/2"]
[WhiteElo "1924"]
[BlackElo "2108"]
[PlyCount "69"]
[EventDate "2003.??.??"]

1. d4 Nf6 2. Nf3 e6 3. Bg5 Be7 4. Nbd2 d5 5. e3 h6 6. Bh4 Nbd7 7. Bd3 c5 8. c3
c4 9. Bc2 O-O 10. O-O a5 11. a4 Ne8 12. Bxe7 Qxe7 13. e4 Nc7 14. Re1 Qd8 15.
exd5 exd5 16. Ne5 Nxe5 17. Rxe5 Re8 18. Nf3 Bg4 19. h3 Rxe5 20. dxe5 Bxf3 21.
Qxf3 Qg5 22. Qf5 g6 23. Qxg5 hxg5 24. Rd1 Re8 25. Re1 Ne6 26. Rd1 Nc7 27. Re1
f6 28. Bxg6 Rxe5 29. Kf1 Kg7 30. Bc2 Ne6 31. b3 Nc5 32. bxc4 dxc4 33. Rxe5 fxe5
34. f3 b6 35. Ke2 1/2-1/2

[Event "SR 2. liga A 2003/2004"]
[Site "?"]
[Date "2003.12.06"]
[Round "3.7"]
[White "Zak, Daniel"]
[Black "Mandak, Miroslav"]
[Result "1/2-1/2"]
[WhiteElo "1718"]
[BlackElo "2084"]
[PlyCount "90"]
[EventDate "2003.??.??"]

1. e4 d6 2. Nf3 Nf6 3. Nc3 g6 4. h3 Bg7 5. Bc4 O-O 6. d3 c6 7. O-O b5 8. Bb3
Nbd7 9. a3 Nc5 10. Ba2 a5 11. e5 Ne8 12. d4 Na6 13. Re1 Nac7 14. d5 b4 15. Na4
Nxd5 16. Bxd5 cxd5 17. Qxd5 Rb8 18. exd6 Nxd6 19. Nc5 Bf5 20. Bg5 Nc8 21. Qxd8
Rxd8 22. axb4 axb4 23. Bxe7 Nxe7 24. Rxe7 Bf8 25. Rc7 Bd6 26. Rc6 Bxc2 27. Nd4
b3 28. Nf3 Rbc8 29. Nb7 Rxc6 30. Nxd8 Rc8 31. Nb7 Bf4 32. g3 Bc7 33. Kg2 Rb8
34. Nc5 Bd8 35. Nd2 Be7 36. Nde4 f5 37. Ra7 fxe4 38. Rxe7 Rc8 39. Re5 Kf7 40.
Nxe4 Bxe4+ 41. Rxe4 Rc2 42. Rb4 Rxb2 43. Rb6 Rb1 44. Kf3 b2 45. h4 h6 1/2-1/2

[Event "SR 2. liga A 2003/2004"]
[Site "?"]
[Date "2003.12.06"]
[Round "3.8"]
[White "Diviak, Rastislav"]
[Black "Pericka, Pavol"]
[Result "1-0"]
[WhiteElo "1954"]
[BlackElo "1665"]
[PlyCount "91"]
[EventDate "2003.??.??"]

1. e4 e5 2. Nf3 Nc6 3. Bb5 a6 4. Ba4 Nf6 5. O-O Be7 6. Re1 O-O 7. c3 b5 8. Bc2
d5 9. exd5 Qxd5 10. d4 e4 11. Ng5 Bf5 12. Qe2 Bg4 13. Qe3 Rae8 14. Nxe4 Bd6 15.
Nbd2 Qh5 16. Nf1 Bf5 17. f3 Qh4 18. Bd2 Nh5 19. Qg5 Qxg5 20. Bxg5 Nf4 21. Nxd6
Rxe1 22. Rxe1 Nxg2 23. Kxg2 Bxc2 24. Ne4 f6 25. Bf4 Rf7 26. Ne3 Bd3 27. Nc5 Bg6
28. Nd5 Bf5 29. Re8+ Rf8 30. Rxf8+ Kxf8 31. Nxc7 b4 32. N7xa6 bxc3 33. bxc3 Ke7
34. Nb4 Na5 35. Kf2 Nc4 36. Nc6+ Ke8 37. a4 g5 38. Be3 Bc8 39. a5 Bd7 40. Nxd7
Kxd7 41. d5 Kc7 42. Bd4 Kd6 43. a6 Kc7 44. a7 Kb7 45. Nd8+ Ka8 46. Ne6 1-0

[Event "SR 2. liga A 2003/2004"]
[Site "?"]
[Date "2003.12.06"]
[Round "3.8"]
[White "Hertel, Ondrej"]
[Black "Milanov, Jasen"]
[Result "0-1"]
[WhiteElo "1853"]
[BlackElo "2046"]
[PlyCount "120"]
[EventDate "2003.??.??"]

1. d4 e6 2. c4 d5 3. Nc3 Nf6 4. Bg5 Be7 5. e3 dxc4 6. Bxc4 O-O 7. Nf3 b6 8. Qe2
Bb7 9. O-O Nbd7 10. Rfd1 Ne4 11. Bf4 Nxc3 12. bxc3 Nf6 13. Rac1 Ba3 14. Rc2 Qe7
15. Ne5 Rfd8 16. f3 Nh5 17. Bg3 Qg5 18. Kf2 Nf6 19. Ba6 Bxa6 20. Qxa6 Qf5 21.
Qd3 Qxd3 22. Rxd3 Bd6 23. Rcd2 h6 24. e4 c5 25. Ke2 Rdc8 26. Ng4 Nxg4 27. Bxd6
c4 28. fxg4 cxd3+ 29. Kxd3 Rc6 30. e5 Rac8 31. Rc2 f6 32. c4 Kf7 33. h4 a6 34.
g5 hxg5 35. hxg5 f5 36. Rc3 b5 37. c5 Rh8 38. Ke2 Rh4 39. Rd3 Rg4 40. Kf2 Rxg5
41. Rh3 Rc8 42. g3 Rg4 43. Ke3 a5 44. Kd3 Rg6 45. Kc3 Rh6 46. Rxh6 gxh6 47. Kd3
Rg8 48. c6 Rxg3+ 49. Kc2 Rg8 50. Kd3 Rc8 51. c7 Ke8 52. d5 Kd7 53. Kd4 h5 54.
dxe6+ Kxe6 55. Kc5 h4 56. Kc6 h3 57. Kb7 Rxc7+ 58. Kxc7 h2 59. Kb6 h1=Q 60.
Kxa5 Qd5 {zbytok partie sa nedal zrekonstruovat} 0-1

[Event "SR 2. liga A 2003/2004"]
[Site "?"]
[Date "2003.12.06"]
[Round "3.8"]
[White "Pribila, Michal"]
[Black "Kosiba, I."]
[Result "1-0"]
[WhiteElo "1620"]
[BlackElo "1743"]
[PlyCount "109"]
[EventDate "2003.??.??"]

1. e4 e5 2. Nf3 Nc6 3. Bb5 a6 4. Ba4 Nf6 5. O-O b5 6. Bb3 Bb7 7. Ng5 d5 8. exd5
Nxd5 9. Qf3 Qxg5 10. Bxd5 Qg6 11. Bxc6+ Bxc6 12. Qg3 Bd6 13. d3 Qxg3 14. hxg3
O-O 15. Nc3 f5 16. Re1 Rae8 17. a3 h6 18. Bd2 Bb7 19. Re2 Re7 20. Rae1 Rfe8 21.
Kf1 c5 22. Kg1 Kf7 23. f3 g5 24. Kf2 Bc6 25. Rh1 Kg6 26. Ra1 h5 27. Rae1 a5 28.
Nd1 b4 29. Ne3 f4 30. Nc4 fxg3+ 31. Kxg3 Bc7 32. Kf2 Kf6 33. Be3 bxa3 34. Bxc5
Re6 35. Bxa3 a4 36. Bb4 Bd5 37. Ne3 Bb6 38. Kf1 Bxe3 39. Rxe3 Kf5 40. Kf2 Rc8
41. c4 Bb7 42. Bc3 Rce8 43. Rb1 Bc6 44. Rg1 g4 45. fxg4+ hxg4 46. Kg3 Kg5 47.
Rh1 Bd7 48. Re4 R6e7 49. c5 Bf5 50. Rxa4 Bxd3 51. Rxg4+ Kf5 52. Rh5+ Kf6 53.
Rxe5 Rxe5 54. Kf4 Be2 55. Rg5 1-0

[Event "SR 2. liga A 2003/2004"]
[Site "?"]
[Date "2003.12.06"]
[Round "3.8"]
[White "Raczko, Peter"]
[Black "Gono, Jozef"]
[Result "1-0"]
[WhiteElo "2090"]
[BlackElo "1536"]
[PlyCount "49"]
[EventDate "2003.??.??"]

1. e4 e6 2. d4 d5 3. Nd2 c5 4. exd5 Qxd5 5. dxc5 Bxc5 6. Ngf3 Nf6 7. Bb5+ Bd7
8. Bxd7+ Nbxd7 9. O-O O-O 10. b3 a5 11. Bb2 b6 12. Qe2 Rfe8 13. Nc4 a4 14. Rfd1
Qb7 15. Nd6 Bxd6 16. Rxd6 a3 17. Bxf6 Nxf6 18. c4 Ne4 19. Rd4 Nc5 20. Rad1 Qc7
21. Qd2 e5 22. Rd5 f6 23. h3 Re7 24. Rd6 Kf7 25. Qd5+ 1-0

[Event "SR 2. liga A 2003/2004"]
[Site "?"]
[Date "2003.12.06"]
[Round "3.8"]
[White "Skapikova, Lubica"]
[Black "Cambel, Vladimir"]
[Result "0-1"]
[WhiteElo "2036"]
[BlackElo "1800"]
[PlyCount "54"]
[EventDate "2003.??.??"]

1. e4 c5 2. Nf3 Nc6 3. d4 cxd4 4. Nxd4 Nf6 5. Nc3 d6 6. Be2 e6 7. Be3 Be7 8.
Qd2 a6 9. f3 Qc7 10. O-O-O b5 11. Bd3 Nxd4 12. Bxd4 b4 13. Ne2 e5 14. Be3 Be6
15. Kb1 O-O 16. g4 Rfc8 17. Nc1 a5 18. h4 a4 19. b3 Qa5 20. Rh2 Rc3 21. Qf2
axb3 22. cxb3 Bxb3 23. Qb2 Bxd1 24. Bd2 Rcc8 25. Bxb4 Qa4 26. Rd2 Bxf3 27. g5
Nxe4 0-1

[Event "SR 2. liga A 2003/2004"]
[Site "?"]
[Date "2003.12.06"]
[Round "3.8"]
[White "Stetina, Erik"]
[Black "Kopcok, M."]
[Result "1-0"]
[WhiteElo "1749"]
[BlackElo "1966"]
[PlyCount "117"]
[EventDate "2003.??.??"]

1. e4 c5 2. Nf3 d6 3. d4 cxd4 4. Nxd4 Nf6 5. Nc3 Nc6 6. Bc4 e6 7. Be3 Be7 8.
O-O O-O 9. f3 a6 10. Qd2 Qc7 11. Rfd1 Ne5 12. Bb3 b5 13. a3 Nc4 14. Bxc4 bxc4
15. b4 cxb3 16. cxb3 Bb7 17. b4 d5 18. exd5 Nxd5 19. Nxd5 Bxd5 20. Rac1 Qb7 21.
Nf5 Bf6 22. Nd6 Qb8 23. Nc4 Bxc4 24. Rxc4 Rd8 25. Qc1 Qb7 26. Bd4 Qe7 27. Bb6
Rxd1+ 28. Qxd1 Qb7 29. Qd6 Rc8 30. Rc7 Rxc7 31. Bxc7 Qd5 32. Qxd5 exd5 33. a4
Bd4+ 34. Kf1 Kf8 35. b5 axb5 36. axb5 Ke8 37. Ke2 Kd7 38. Kd3 Bc5 39. Be5 f6
40. Bd4 Bb4 41. Ba7 Bd6 42. Kd4 Bxh2 43. Kxd5 h5 44. Bd4 Bb8 45. Be3 g5 46. b6
g4 47. fxg4 hxg4 48. Bd4 Bg3 49. Bxf6 Bf2 50. Bd4 g3 51. Bc5 Kc8 52. Kc6 Bxc5
53. Kxc5 Kb7 54. Kd4 Kxb6 55. Ke3 Kc5 56. Kf3 Kd5 57. Kxg3 Ke5 58. Kg4 Kf6 59.
Kh5 1-0

[Event "SR 2. liga A 2003/2004"]
[Site "?"]
[Date "2003.12.07"]
[Round "4.1"]
[White "Bisco, Igor"]
[Black "Kleman, Miroslav"]
[Result "1/2-1/2"]
[WhiteElo "2187"]
[BlackElo "2156"]
[PlyCount "68"]
[EventDate "2003.??.??"]

1. e4 d5 2. Nc3 dxe4 3. Nxe4 Qd5 4. d3 Nf6 5. Nxf6+ gxf6 6. Nf3 Bg4 7. Be2 c6
8. Be3 Nd7 9. Qd2 e6 10. h3 Bh5 11. Rg1 Rg8 12. g4 Bg6 13. Qc3 Be7 14. Qb3
O-O-O 15. Qxd5 cxd5 16. O-O-O h5 17. Nh4 hxg4 18. Nxg6 fxg6 19. hxg4 b6 20. Rh1
Rh8 21. d4 Rdg8 22. c4 dxc4 23. Bxc4 Nf8 24. d5 Rxh1 25. Rxh1 exd5 26. Bxd5 Rg7
27. Be4 Rg8 28. Kd2 Nd7 29. Rh7 Kd8 30. f4 g5 31. fxg5 fxg5 32. Bd4 Rf8 33. Bf5
Nf6 34. Bxf6 Rxf6 1/2-1/2

[Event "SR 2. liga A 2003/2004"]
[Site "?"]
[Date "2003.12.07"]
[Round "4.1"]
[White "Duriga, Stefan"]
[Black "Meszaros, Michal"]
[Result "0-1"]
[WhiteElo "2246"]
[BlackElo "2306"]
[PlyCount "46"]
[EventDate "2003.??.??"]

1. d4 Nf6 2. c4 g6 3. Nc3 d5 4. Bg5 Ne4 5. Bh4 Nxc3 6. bxc3 dxc4 7. e3 Be6 8.
Rb1 b6 9. Nf3 c6 10. Be2 Bg7 11. Nd2 b5 12. O-O Nd7 13. e4 O-O 14. f4 f5 15. d5
cxd5 16. exd5 Bxd5 17. Rxb5 Nb6 18. Bf2 Rc8 19. Qc2 Bf7 20. Nf3 Nd5 21. Rd1 a6
22. Rb6 Qc7 23. Rxa6 Nxc3 0-1

[Event "SR 2. liga A 2003/2004"]
[Site "?"]
[Date "2003.12.07"]
[Round "4.1"]
[White "Felcir, Jaroslav"]
[Black "Tepper, Frantisek"]
[Result "0-1"]
[WhiteElo "2215"]
[BlackElo "2232"]
[PlyCount "124"]
[EventDate "2003.??.??"]

1. e4 Nf6 2. e5 Nd5 3. d4 d6 4. c4 Nb6 5. f4 dxe5 6. fxe5 Nc6 7. Be3 Bf5 8. Nc3
e6 9. Nf3 Be7 10. Be2 O-O 11. O-O f6 12. exf6 Bxf6 13. Qd2 Qd7 14. Rad1 Rad8
15. b3 Qe7 16. Kh1 h6 17. Bf2 e5 18. d5 e4 19. Nd4 Nxd4 20. Bxd4 e3 21. Bxf6
Rxf6 22. Qd4 c5 23. Qh4 Nc8 24. Qg3 Nd6 25. Rf3 Re8 26. Rdf1 Rg6 27. Qe1 Qe5
28. Rg3 Rxg3 29. hxg3 Be4 30. Rf4 g5 31. Rf1 Nf5 32. Kh2 Nd4 33. Bh5 Nc2 34.
Qe2 Rf8 35. Rxf8+ Kxf8 36. Qf1+ Qf5 37. Kg1 Qxf1+ 38. Kxf1 Bd3+ 39. Be2 Bf5 40.
Nb5 Nd4 41. Nc3 Ke7 42. g4 Bg6 43. Ke1 Kd6 44. Bf1 b6 45. Nd1 Bb1 46. Nxe3 Bxa2
47. Nf5+ Nxf5 48. gxf5 Ke5 49. g4 Bxb3 50. Kd2 Ba4 51. Be2 Bd7 52. Bf3 a6 53.
Ke3 Be8 54. Kd3 Bf7 55. Kc3 b5 56. Kb3 Be8 57. Kc3 b4+ 58. Kb3 a5 59. Be2 a4+
60. Kb2 a3+ 61. Kb3 Ba4+ 62. Ka2 Bc2 0-1

[Event "SR 2. liga A 2003/2004"]
[Site "?"]
[Date "2003.12.07"]
[Round "4.1"]
[White "Lanc, Alois"]
[Black "Smolen, Jan"]
[Result "1-0"]
[WhiteElo "2380"]
[BlackElo "2256"]
[PlyCount "65"]
[EventDate "2003.??.??"]

1. e4 c5 2. Nf3 d6 3. d4 cxd4 4. Nxd4 Nf6 5. Nc3 g6 6. Be3 Bg7 7. h3 O-O 8. Bc4
Nc6 9. Bb3 Bd7 10. O-O Nxd4 11. Bxd4 Bc6 12. Qd3 Nd7 13. Bxg7 Kxg7 14. Rad1 a5
15. a4 Kg8 16. Qg3 Nc5 17. e5 Nxb3 18. cxb3 Qb6 19. exd6 exd6 20. Nd5 Bxd5 21.
Rxd5 Rfd8 22. Rfd1 Ra6 23. Rc1 Qb4 24. Qe3 Rc6 25. Rcd1 Qb6 26. Qxb6 Rxb6 27.
R1d3 Rc8 28. Rxd6 Rxd6 29. Rxd6 Rc1+ 30. Kh2 b5 31. axb5 Rc5 32. Rb6 Rc2 33.
Rc6 1-0

[Event "SR 2. liga A 2003/2004"]
[Site "?"]
[Date "2003.12.07"]
[Round "4.1"]
[White "Provaznik, Michal"]
[Black "Oprea, Erik"]
[Result "1/2-1/2"]
[WhiteElo "2241"]
[BlackElo "2083"]
[PlyCount "52"]
[EventDate "2003.??.??"]

1. c4 c5 2. Nc3 Nf6 3. g3 g6 4. Bg2 Bg7 5. e4 Nc6 6. Nge2 d6 7. O-O h5 8. h4
Ng4 9. d3 Nge5 10. a3 a6 11. Rb1 b5 12. cxb5 axb5 13. b4 O-O 14. bxc5 dxc5 15.
Nxb5 Nxd3 16. Be3 Be6 17. Qc2 c4 18. f4 Ra5 19. Kh2 Qd7 20. Nec3 Nd4 21. Nxd4
Bxd4 22. Bxd4 Qxd4 23. a4 Bd7 24. Nd5 Bxa4 25. Qd2 Ra7 26. f5 c3 1/2-1/2

[Event "SR 2. liga A 2003/2004"]
[Site "?"]
[Date "2003.12.07"]
[Round "4.1"]
[White "Rohacek, Miroslav"]
[Black "Kundrik, Peter"]
[Result "0-1"]
[WhiteElo "2178"]
[BlackElo "2191"]
[PlyCount "88"]
[EventDate "2003.??.??"]

1. Nf3 Nf6 2. c4 g6 3. Nc3 Bg7 4. g3 O-O 5. Bg2 d6 6. Rb1 a5 7. O-O e5 8. d3
Nc6 9. a3 h6 10. b4 axb4 11. axb4 Be6 12. b5 Ne7 13. e4 Nd7 14. Be3 f5 15. Nd5
g5 16. b6 cxb6 17. Bxb6 Nxb6 18. Nxb6 Ra3 19. Nd5 Qd7 20. Ne1 f4 21. Nc2 Ra7
22. Nb6 Qc7 23. Bf3 Bh3 24. Re1 Ra6 25. Nd5 Nxd5 26. exd5 fxg3 27. fxg3 Qf7 28.
Be4 Ra2 29. Qd2 h5 30. Bg2 g4 31. Bxh3 Bh6 32. Qe2 gxh3 33. Ra1 Rxc2 34. Qxc2
Qf3 35. d4 Be3+ 36. Rxe3 Qxe3+ 37. Kh1 e4 38. Rb1 Rf7 39. Ra1 Qf3+ 40. Kg1 Qe3+
41. Kh1 Kg7 42. Rb1 Qf3+ 43. Kg1 e3 44. Re1 Qf2+ 0-1

[Event "SR 2. liga A 2003/2004"]
[Site "?"]
[Date "2003.12.07"]
[Round "4.2"]
[White "Bezuch, Martin"]
[Black "Kovacocy, Pavel"]
[Result "0-1"]
[WhiteElo "2140"]
[BlackElo "2263"]
[PlyCount "82"]
[EventDate "2003.??.??"]

1. e4 c5 2. Nf3 Nc6 3. d4 cxd4 4. Nxd4 g6 5. Nc3 Bg7 6. Be3 Nf6 7. Bc4 O-O 8.
f3 Qb6 9. O-O Qxb2 10. Ncb5 Qb4 11. Be2 Ne8 12. Nb3 Qa4 13. Nc5 Qa5 14. Nxd7
Bxd7 15. Qxd7 a6 16. Qxb7 axb5 17. Qxc6 Bxa1 18. Rxa1 Nd6 19. e5 Rfc8 20. Qd5
Nf5 21. Bf2 Rxc2 22. Bd3 Rd8 23. Qxd8+ Qxd8 24. Bxc2 Qc7 25. Bb3 Qxe5 26. Rd1
Qe2 27. Re1 Qd2 28. Rd1 Qc3 29. g4 Nd6 30. Kg2 Kf8 31. Bg3 Qb2+ 32. Kg1 Qe2 33.
Rf1 Nc4 34. Rf2 Qe1+ 35. Rf1 Qe3+ 36. Rf2 Nd2 37. Bd5 e6 38. Bd6+ Kg7 39. Bc6
e5 40. Ba8 Nc4 41. Be7 Qa7 0-1

[Event "SR 2. liga A 2003/2004"]
[Site "?"]
[Date "2003.12.07"]
[Round "4.2"]
[White "Fabry, Robert"]
[Black "Minich, Peter"]
[Result "1-0"]
[WhiteElo "2182"]
[BlackElo "2210"]
[PlyCount "85"]
[EventDate "2003.??.??"]

1. e4 e5 2. Nf3 Nf6 3. d4 d5 4. dxe5 Nxe4 5. Bd3 Nc5 6. O-O Nxd3 7. Qxd3 Be7 8.
Rd1 c6 9. Bf4 Be6 10. Nc3 Nd7 11. Ne2 Nc5 12. Qe3 Qb6 13. Nfd4 h6 14. a3 g5 15.
Bg3 Bd7 16. b4 Ne6 17. c4 dxc4 18. Qf3 Nxd4 19. Rxd4 Be6 20. Rad1 O-O 21. Qh5
Kg7 22. f4 Rad8 23. Bf2 Rxd4 24. Bxd4 c5 25. Be3 Bf5 26. Qf3 g4 27. Qf2 Rd8 28.
Re1 Rd3 29. Ng3 Qe6 30. Bxc5 Bxc5 31. Qxc5 c3 32. Rc1 b6 33. Qc7 Qd7 34. Qxd7
Bxd7 35. Ne2 c2 36. Rxc2 Rxa3 37. Rc7 Be6 38. Nd4 Ra1+ 39. Kf2 Bd5 40. e6 Kf8
41. e7+ Ke8 42. Nf5 Ra2+ 43. Ke3 1-0

[Event "SR 2. liga A 2003/2004"]
[Site "?"]
[Date "2003.12.07"]
[Round "4.2"]
[White "Hudec, Jan"]
[Black "Horak, Ivan"]
[Result "1-0"]
[WhiteElo "2138"]
[BlackElo "2198"]
[PlyCount "61"]
[EventDate "2003.??.??"]

1. d4 Nf6 2. c4 c5 3. d5 b5 4. cxb5 a6 5. Nc3 axb5 6. e4 b4 7. Nb5 Bb7 8. Bc4
d6 9. e5 dxe5 10. Nf3 g6 11. d6 exd6 12. Bg5 Nbd7 13. Nxd6+ Bxd6 14. Qxd6 Bxf3
15. gxf3 h6 16. Be3 Rc8 17. O-O-O Qc7 18. Qd2 h5 19. Rhg1 Ke7 20. Bg5 Nb6 21.
Bxf7 Qc6 22. Bxg6 Rcd8 23. Qe2 Rxd1+ 24. Rxd1 Qe6 25. Bb1 Qc4+ 26. Qxc4 Nxc4
27. b3 Na3 28. Bf5 Kf7 29. Rd6 Ne8 30. Rd7+ Kf8 31. Bg6 1-0

[Event "SR 2. liga A 2003/2004"]
[Site "?"]
[Date "2003.12.07"]
[Round "4.2"]
[White "Janos, Martin"]
[Black "Cvicela, Anton"]
[Result "1-0"]
[WhiteElo "2148"]
[BlackElo "2170"]
[PlyCount "149"]
[EventDate "2003.??.??"]

1. d4 d5 2. Nf3 Nf6 3. g3 Nbd7 4. Bg2 c5 5. e3 e6 6. O-O b6 7. b3 Ba6 8. Re1
Rc8 9. Bb2 Qc7 10. c3 Be7 11. Nbd2 O-O 12. Rc1 Rfd8 13. c4 dxc4 14. bxc4 Bb7
15. Qc2 cxd4 16. exd4 b5 17. c5 Bd5 18. a3 Qb7 19. Bc3 Nb8 20. Qb2 Nc6 21. Rb1
Rb8 22. Bf1 a6 23. Nh4 Qc7 24. Ng2 Rb7 25. Nf4 Qb8 26. Bd3 a5 27. Bxb5 a4 28.
Nxd5 Nxd5 29. Bxc6 Rxb2 30. Rxb2 Qc7 31. Bxd5 Rxd5 32. Nf3 Bf6 33. Rb4 h5 34.
h4 Rxc5 35. Bd2 Rc2 36. Re3 Qc6 37. Be1 Rc1 38. Ne5 Qc2 39. Kg2 Qa2 40. Rxa4
Qd5+ 41. Nf3 Rd1 42. Ra5 Qb7 43. Bc3 g6 44. Kh2 Bg7 45. a4 Bh6 46. Rb5 Qa8 47.
Ra5 Qc6 48. Rc5 Qa6 49. Re1 Rxe1 50. Bxe1 Qxa4 51. Rc8+ Kg7 52. Bc3 Qd7 53. Rc5
f6 54. Ng5 Kg8 55. Ne4 Kf7 56. d5 exd5 57. Nxf6 Qa7 58. Bd4 Qxc5 59. Bxc5 Kxf6
60. Kg2 Kf5 61. f3 Bg7 62. Bb4 Bb2 63. Bd2 d4 64. Kf2 Ba3 65. Kg2 d3 66. Kh3
Bd6 67. Kg2 Be5 68. Kf2 Bd4+ 69. Kg2 Ke6 70. g4 hxg4 71. fxg4 Bf6 72. h5 g5 73.
Kf3 Kd5 74. Ke3 Kc4 75. Ke4 1-0

[Event "SR 2. liga A 2003/2004"]
[Site "?"]
[Date "2003.12.07"]
[Round "4.2"]
[White "Matulik, Daniel"]
[Black "Machalova, Maria"]
[Result "1-0"]
[WhiteElo "2166"]
[BlackElo "2187"]
[PlyCount "75"]
[EventDate "2003.??.??"]

1. Nf3 c5 2. g3 Nc6 3. Bg2 e5 4. d3 d5 5. O-O g6 6. e4 d4 7. c4 Bg7 8. Nbd2 h6
9. a3 Be6 10. Rb1 a5 11. Ne1 Qd7 12. Nc2 Qe7 13. f4 exf4 14. gxf4 f5 15. Re1
Nf6 16. exf5 gxf5 17. Bd5 Nd8 18. Qe2 Ra6 19. b4 O-O 20. bxc5 Qxc5 21. Bxb7
Nxb7 22. Rxb7 Bc8 23. Qe7 Qxe7 24. Rbxe7 Nh5 25. Nf3 Rb6 26. Ncxd4 Rd6 27. Be3
Rfd8 28. c5 Rg6+ 29. Kf2 Bf6 30. Rc7 Rg4 31. Rg1 Rxg1 32. Kxg1 Ba6 33. Nxf5
Bxd3 34. Nxh6+ Kf8 35. Ng5 Bxg5 36. fxg5 Be4 37. c6 Ke8 38. Bc5 1-0